000 006270000a22002050004500
003 LK-CoMWRAF
005 20231115095504.0
008 230817t2000 ||||| |||| 00| 0 eng d
020 _a9678910861
040 _aLK-CoMWRAF
_dLK-CoMWRAF
_eLK-CoMWRAF
041 _aeng
082 _a349
_bLEG
242 _aal-Ṭuruq al-ḥukmiyyah fī al-siyāsah al-sharʻiyyah
245 _aThe legal methods in Islamic administration
260 _aKuala Lumpur:
_bInternational Law Book Services,
_c2000
300 _a 374 p. ; 23 cm.
_bGlossary included
650 _aISLAMIC LAW
700 _aKharofa, Alae̓ddin
_etrans.
942 _cBK
999 _c2188
_d2188